| 000 | 01462cam a2200337 a 4500 | ||
|---|---|---|---|
| 001 | 000006498 | ||
| 003 | DO-SdBNP | ||
| 005 | 20250529115028.0 | ||
| 008 | 970226s1996 ck abc b 000 0 spa | ||
| 020 | _a9586122565 | ||
| 040 |
_aDO-SdBNP _cDLC _dDLC _dBNPHU |
||
| 049 | _aBNGR | ||
| 082 |
_a986.1362 _bR457a |
||
| 100 | 1 |
_aReyes Cárdenas, Catalina. _918008 |
|
| 245 | 1 | 0 |
_aAspectos de la vida social y cotidiana de Medellín, 1890-1930 / _cCatalina Reyes Cárdenas. |
| 246 | 1 | 4 | _aVida cotidiana en Medellín, 1890-1930 |
| 260 |
_aBogotá : _bColcultura, _c1996. |
||
| 300 |
_axiv, 334 p. : _bil., mapas, retrs ; _c21 cm. |
||
| 500 | _a"Producto del trabajo de la tesis presentada para optar el título de magister en historia de la Universidad Nacional de Colombia, Sede Medellín"--Agradecimientos. | ||
| 504 | _aIncluye referencias bibliográficas (p. 307-334). | ||
| 586 | _aPremios nacionales de cultura, 1995. | ||
| 650 | 7 |
_aClases sociales _zColombia _zMedellín _xHistoria _91062 _2LEMB |
|
| 650 | 0 |
_aSalud pública _zColombia _zMedellín _xHistoria _918012 |
|
| 650 | 0 |
_aMujeres _zColombia _zMedellín _xHistoria _918013 |
|
| 650 | 0 |
_aNiños _zColombia _zMedellín _xHistoria _918014 |
|
| 650 | 0 |
_aJuventud _zColombia _zMedellín _xHistoria _918015 |
|
| 651 |
_aMedellín (Colombia{Rpara} _xHistoria _y1890-1930 _918009 |
||
| 651 | 0 |
_aMedellín (Colombia{Rpara} _xCondiciones Sociales _918010 |
|
| 910 | _aCatalogación por copia / LC | ||
| 942 |
_2ddc _cLBS1 |
||
| 999 |
_c6289 _d6289 |
||